Latin Artists by Picture 8 - Statistics

General Stats
  • This quiz has been taken 8 times
  • The average score is 10 of 20
Answer Stats
Picture Answer % Correct
Jennifer Lopez
100%
Alvaro Diaz
67%
Carin Leon
67%
Celia Cruz
67%
El Cherry Scom
67%
Elvis Crespo
67%
Gente de Zona
67%
Grupo Firme
67%
Omega
67%
Franco el Gorilla
33%
Guelo Star
33%
Jadiel
33%
Mackie
33%
Messiah
33%
Omy de Oro
33%
ROA
33%
Sofia Reyes
33%
Tempo
33%
Toby Love
33%
Yaga
33%
No matching quizzes found
Score Distribution
Percent of People with Each Score
Percentile by Number Answered
Your Score History
You have not taken this quiz